000 00422nam a2200181Ia 4500
001 072441
003 YMCAF
005 20230512160801.0
008 100717s9999 ||||||||||||||||| ||und|d
024 _a72441
035 _a11904
040 _aYMCAF
_beng
_cIN-KoLT
041 _aeng
082 _a621.381
_b548 AGG
100 _aAGGARWAL, A K
245 0 _aElectronics test and measurment VOL-I MODULE 9
942 _2ddc
_cBK
999 _c6402
_d6402